000 00860nam a2200265Ia 4500
003 OSt
005 20221002044108.0
006 a|||||r|||| 00| 0
007 ta
008 220930b |||||||| |||| 00| 0 eng d
020 _a8175201223 (pbk)
024 _a27205
037 _bGift, 20/06/2016,
_cReference Collections
040 _aCRL
_cCRL
_beng
041 _2eng
_aeng
082 _aSigmaa494,12,P12, Q5(RR)
100 _aYoud Vir Singh
_9568989
245 0 _aBibliographical of doctoral dissertations social sciences 2012
260 _aNew Delhi
_bAssociation of Indian
_c2015
300 _a138p.
_ccm.
650 _aSOCIAL SCIENCES
700 _a Pani S. Rama Devi
_9568990
942 _hSigmaa494,12,P12, Q5(RR)
_cref
_2CC
999 _c909651
_d909651